MARC

LEADER 00000nam0a2200000 4500
001 57063
005 20231101211637.0
010 |a 5829102323 
035 |a (RuTPU)RU\TPU\book\60092 
090 |a 57063 
100 |a 20031021d2003 km y0rusy50 ca 
101 1 |a rus  |c eng 
102 |a RU 
105 |a y z 001zb 
200 1 |a Устроение общества. Очерк теории структурации  |e пер. с англ.  |f Э. Гидденс 
210 |a Москва  |c Академический проект  |d 2003 
215 |a 526 с. 
225 1 |a Концепции 
320 |a Библиогр.: с. 503-522 
600 1 |a Парсонс  |g Толкотт  |b Т.  |c американский социолог  |f 1902 - 1979  |2 stltpui  |3 (RuTPU)RU\TPU\pers\1248 
600 1 |a Дюркгейм  |b Э.  |f 1858 - 1917  |g Эмиль  |c основатель французской социологической школы  |2 stltpush  |3 (RuTPU)RU\TPU\pers\5942 
606 1 |a Социология  |2 stltpush  |3 (RuTPU)RU\TPU\subj\67656  |9 83377 
610 1 |a общество 
610 1 |a теория 
610 1 |a структурация 
610 1 |a сознание 
610 1 |a бессознательное 
610 1 |a время 
610 1 |a память 
610 1 |a рутинизация 
610 1 |a мотивация 
610 1 |a позиционирование 
610 1 |a пространство 
610 1 |a регионализация 
610 1 |a структура 
610 1 |a социальное воспроизводство 
610 1 |a власть 
610 1 |a эволюция 
610 1 |a принуждение 
610 1 |a эмпирические исследования 
686 |a С50  |v LBC/SL-A  |2 rubbk 
700 1 |a Гидденс  |b Э.  |g Энтони 
801 1 |a RU  |b 63413507  |c 20031021  |g PSBO 
801 2 |a RU  |b 63413507  |c 20140415  |g PSBO 
942 |c BK